000 00772nam a2200241 a 4500
001 BRCA_8026
005 20190320210112.0
008 210314s1970----nyua###f##---#001-0#eng-#
041 _aeng
044 _anyu
050 4 _aN610
_b.M48
_c1970
245 1 0 _aMetropolitan Museum Journal
_cManaging editor Allan J. Brodsky.
260 _aNew York
_bThe Metropolitan Museum of Art
_c1971
300 _a392 p.
_bil.
_c28 cm.
440 0 _aMetropolitan Museum Journal
_nvolume 3/1970
_919943
500 _a3168
500 _aPublicación periódica inventariada como libro por el Banco de México
650 1 4 _aArte decorativo
_vHistoria
_919944
650 1 4 _aArte decorativo
_vCatálogos
_919945
700 1 _aBrodsky, Allan J.
_eed.
_919946
902 _aGFM
942 _2lcc
_cB
999 _c7695
_d7695